Southville International School and Colleges
Your cart is empty.
  • Cart
  • Lists
    Public lists Eva Luna New books Lux_list list_1
    Your lists Log in to create your own lists
  • Log in to your account
  • Your cookies
  • Search history
Southville International School and Colleges
  • Advanced search
  • Recent comments
  • Most popular
  • Libraries

Log in to your account

Log in with GOOGLE


If you do not have an external account, but do have a local account, you can still log in:

  1. Home
  2. MARC view: Doctor cobb's game
Normal view MARC view ISBD view

Doctor cobb's game (Record no. 11377)

[ view plain ]
MARC details
000 -LEADER
fixed length control field 00671cam a2200253 4500
001 - CONTROL NUMBER
control field 3607773
003 - CONTROL NUMBER IDENTIFIER
control field PILC
005 - DATE AND TIME OF LATEST TRANSACTION
control field 20160217121201.0
008 - FIXED-LENGTH DATA ELEMENTS--GENERAL INFORMATION
fixed length control field 701120s1970 nyu 000 1 eng
010 ## - LIBRARY OF CONGRESS CONTROL NUMBER
LC control number 72122880
040 ## - CATALOGING SOURCE
Original cataloging agency DLC
Transcribing agency DLC
Modifying agency DLC
050 00 - LIBRARY OF CONGRESS CALL NUMBER
Classification number PZ 3
-- .C27405 1970
082 ## - DEWEY DECIMAL CLASSIFICATION NUMBER
Classification number FIC
Item number C27d 1970
100 1# - MAIN ENTRY--PERSONAL NAME
Personal name Cassill, R. V.
Fuller form of name (Ronald Verlin),
Dates associated with a name 1919-2002.
9 (RLIN) 20057
245 10 - TITLE STATEMENT
Title Doctor cobb's game
Statement of responsibility, etc R. V. Cassill.
260 ## - PUBLICATION, DISTRIBUTION, ETC. (IMPRINT)
Place of publication, distribution, etc New York :
Name of publisher, distributor, etc Bantam Books,
Date of publication, distribution, etc c1970.
300 ## - PHYSICAL DESCRIPTION
Extent 533 p. :
Dimensions 18 cm.
350 ## - PRICE (NR) (BK AM CF MU VM SE) [OBSOLETE]
Price $7.95
500 ## - GENERAL NOTE
General note A novel.
906 ## - LOCAL DATA ELEMENT F, LDF (RLIN)
a 7
b cbc
c orignew
d 2
e ncip
f 19
g y-gencatlg
942 ## - ADDED ENTRY ELEMENTS (KOHA)
Source of classification or shelving scheme Library of Congress Classification
Koha item type Books
Holdings
Withdrawn status Lost status Source of classification or shelving scheme Damaged status Home library Current library Shelving location Date acquired Total Checkouts Full call number Barcode Date last seen Copy number Price effective from Koha item type
    Library of Congress Classification   Luxembourg Library Luxembourg Library Fiction Section 09/14/2013   PZ 3 .C27405 1970 2406 09/14/2013 1 09/14/2013 Books

Doctor cobb's game

APA

Cassill R. V., . (1970). Doctor cobb's game. New York: Bantam Books.

Chicago

Cassill R V, . 1970. Doctor cobb's game. New York: Bantam Books.

Harvard

Cassill R. V., . (1970). Doctor cobb's game. New York: Bantam Books.

MLA

Cassill R V, . Doctor cobb's game. New York: Bantam Books. 1970.

  • Place hold
  • Print
  • Cite
  • Add to your cart (remove)
  • Save record
    BIBTEX Dublin Core MARCXML MARC (non-Unicode/MARC-8) MARC (Unicode/UTF-8) MARC (Unicode/UTF-8, Standard) MODS (XML) RIS
  • More searches
    Search for this title in:
    Other Libraries (WorldCat) Other Databases (Google Scholar) Online Stores (Bookfinder.com) Open Library (openlibrary.org)

Exporting to Dublin Core...

SOUTHVILLE LIBRARY

Southville International School and Colleges Library

1281 Tropical Ave. Cor. Luxembourg St., BF Homes International, Las Pinas City

Tel. No. 8256374 / 252358 Loc. 117/146

Powered by Koha